Introduction to catalysis and industrial catalytic processes /
Gespeichert in:
| Hauptverfasser: | , , |
|---|---|
| Format: | Buch |
| Sprache: | Englisch |
| Veröffentlicht: |
Hoboken :
Wiley,
2016.
|
| Schlagworte: | |
| Online-Zugang: | Im OPAC anzeigen |
| Tags: |
Keine Tags, Fügen Sie das erste Tag hinzu!
|
MARC
| LEADER | 00000cam a2200000 i 4500 | ||
|---|---|---|---|
| 001 | 18837541 | ||
| 003 | SK-BrSCK | ||
| 005 | 20260127134422.0 | ||
| 008 | 151029s2016 njua 001 0 eng | ||
| 010 | |a 2015042209 | ||
| 020 | |a 9781118454602 (cloth) | ||
| 040 | |a DLC |b eng |c SK-BrSCK |e rda |d DLC | ||
| 042 | |a pcc | ||
| 082 | 0 | 0 | |a 660/.2995 |2 23 |
| 100 | 1 | |a Farrauto, Robert J., |d 1941- |e author. | |
| 245 | 1 | 0 | |a Introduction to catalysis and industrial catalytic processes / |c Robert J. Farrauto, Earth and Environmental Engineering Department, Columbia University, New, New York, Lucas Dorazio, BASF Corporation, Iselin, New Jersey, C. H. Bartholomew, Department of Chemical Engineering, Brigham Young University, Provo, Utah. |
| 264 | 1 | |a Hoboken : |b Wiley, |c 2016. | |
| 300 | |a xxix, 310 pages : |b illustrations ; |c 25 cm | ||
| 336 | |a text |b txt |2 rdacontent | ||
| 337 | |a unmediated |b n |2 rdamedia | ||
| 338 | |a volume |b nc |2 rdacarrier | ||
| 500 | |a Includes index. | ||
| 650 | 0 | |a Catalysis. | |
| 700 | 1 | |a Dorazio, Lucas, |e author. | |
| 700 | 1 | |a Bartholomew, Calvin H., |e author. | |
| 776 | 0 | 8 | |i Online version: |a Farrauto, Robert J., 1941- author. |t Introduction to catalysis and industrial catalytic processes |d Hoboken : John Wiley & Sons, Inc., 2016 |z 9781119089155 |w (DLC) 2015044585 |
| 906 | |a 7 |b cbc |c orignew |d 1 |e ecip |f 20 |g y-gencatlg | ||
| 942 | |2 udc |c 14 | ||
| 999 | |c 12358 |d 12358 | ||